000 00491nam a2200181Ia 4500
005 20250923150242.0
008 008 250917s9999 xx 000 0 eng d
037 _aTextual
040 _aDSWL
_beng
_cDSWL
041 _aeng
_2eng
084 _aY:I0gO, P8
_qDSWL
245 0 _aReconstructing identities
_cEd.by P S Judge
260 _aJaipur
_bRawat
_c2008
300 _a214 p.
650 _a G BAL
_9843915
942 _cTEXL
_hY:I0gO, P8
999 _c1461306
_d1461306